El primer año de gobierno del presidente Elías Antonio Saca/
Kaydedildi:
| Materyal Türü: | Kitap |
|---|---|
| Dil: | Spanish |
| Konular: | |
| Etiketler: |
Etiketle
Etiket eklenmemiş, İlk siz ekleyin!
|
MARC
| LEADER | 00000nam a22000007a 4500 | ||
|---|---|---|---|
| 003 | cru IIS | ||
| 005 | 20220131114941.0 | ||
| 008 | 220131b |||||||| |||| 00| 0 spa d | ||
| 040 | |c cru IIS | ||
| 245 | 3 | |a El primer año de gobierno del presidente Elías Antonio Saca/ | |
| 300 | |a 16 páginas | ||
| 500 | |a Colección Centroamérica | ||
| 650 | 0 | |9 3554 |a PRESIDENCIA | |
| 650 | 0 | |9 243 |a ESTADO | |
| 650 | 0 | |9 1030 |a POPULISMO | |
| 650 | 4 | |9 2655 |a POLITICA ECONOMICA | |
| 651 | 4 | |9 1928 |a EL SALVADOR | |
| 773 | 0 | |0 42115 |9 6538 |a Universidad Centroamericana José Simeón Cañas (UCA) |d San Salvador, El Salvador: Universidad Centroamericana José Simeón Cañas. Centro Universitario de Documentación e Información |o 00583 |t El Salvador Proceso: |x 02599864 | |
| 942 | |2 ddc |c PP | ||
| 999 | |c 44068 |d 44068 | ||
